00744nam a2200181 a 450000100100000000500170001000800410002702000180006804000250008624501010011125000110021226000380022330000280026170000420028995201060033195201080043799900170054500002984120200930055840.0110426s2007 ck a 000 0 spa d a9789588203155 aDO-SdBNPbspacBNPHU00aManual curativo con frutas y plantas medicinales /cDirector editorial Felipe Durán Ramírez. a2a ed. aBogotá :bGrupo Latino ,c2007. a686 p. :bil. ;c27 cm.1 aDurán Ramírez, Felipeeed.955474 0010507-18MOaABbABcOId2011-04-26iLF1l0o p29841-10r2020-06-25w2020-06-25y1ZNo se presta 0010728MOaABbABcOId2011-04-26iLF1l0o p29841-20r2020-06-25te. 2w2020-06-25y1ZNo se presta c29333d29333